000 01116cam a22003493a 4500
001 15951239
003 OSt
005 20180116183023.0
008 830104s1982 onc 000 1 eng d
010 _a 2009529148
020 _a0553227599
020 _a9780553227598
035 _a(OCoLC)ocm09096742
035 _a(OCoLC)9096742
040 _aTLM
_cTLM
_dIXA
_dOCLCQ
_dOCLCG
_dUPM
_dDLC
042 _alccopycat
050 0 0 _aCPB Box no. 2983 vol. 10
082 _a813.54 HAR 1984
100 1 _aHarrison, Harry,
_d1925-2012.
245 1 4 _aThe stainless steel rat for president /
_cHarry Harrison.
260 _aToronto ;
_aNew York :
_bBantam,
_cc1982.
300 _a185, [1] p. ;
_c18 cm.
490 0 _aBantam books science fiction
490 0 _aA Bantam book
500 _aSequel to: The stainless steel rat wants you.
650 0 _aScience fiction, American.
655 7 _aScience fiction.
_2gsafd
710 2 _aCopyright Paperback Collection (Library of Congress)
_5DLC
906 _a7
_bcbc
_ccopycat
_d2
_encip
_f20
_gy-genrareb
942 _2ddc
_cBK
999 _c350652
_d350652